UM Logo

Digos city jail visitors login monitoring system using local binary pattern with face recognition/ (Record no. 11646)

MARC details
000 -LEADER
fixed length control field 00674nam a22001697a 4500
008 - FIXED-LENGTH DATA ELEMENTS--GENERAL INFORMATION
fixed length control field 181214b ||||| |||| 00| 0 eng d
082 ## - DEWEY DECIMAL CLASSIFICATION NUMBER
Edition number 2018
Classification number UT 1106
Item number M66
100 ## - MAIN ENTRY--PERSONAL NAME
9 (RLIN) 33309
Personal name Mindajao. Elario S. Jr.
245 ## - TITLE STATEMENT
Title Digos city jail visitors login monitoring system using local binary pattern with face recognition/
Statement of responsibility, etc. Elario S. Mindajao, Ian L. Padillo, Jonver L. Para
260 ## - PUBLICATION, DISTRIBUTION, ETC. (IMPRINT)
Place of publication, distribution, etc. Digod City:
Name of publisher, distributor, etc. UMDC
Date of publication, distribution, etc. April 2018
300 ## - PHYSICAL DESCRIPTION
Extent 95 pages;
Other physical details 29 cm.
650 #0 - SUBJECT ADDED ENTRY--TOPICAL TERM
9 (RLIN) 33334
Topical term or geographic name as entry element Technical programs
Form subdivision Information Technology
General subdivision Undergraduate Thesis
700 ## - ADDED ENTRY--PERSONAL NAME
9 (RLIN) 33311
Personal name Mindajao, Elario S. Jr.
700 ## - ADDED ENTRY--PERSONAL NAME
9 (RLIN) 33312
Personal name Padillo, Ian L.
700 ## - ADDED ENTRY--PERSONAL NAME
9 (RLIN) 33313
Personal name Para, Jonver L.
942 ## - ADDED ENTRY ELEMENTS (KOHA)
Source of classification or shelving scheme Dewey Decimal Classification
Koha item type Undergraduate Thesis
Holdings
Withdrawn status Lost status Source of classification or shelving scheme Damaged status Not for loan Home library Current library Date acquired Total Checkouts Full call number Barcode Date last seen Price effective from Koha item type
    Dewey Decimal Classification     UM Digos College - LIC UM Digos College - LIC 12/06/2018   UT 1106 M66 2018 1106 05/15/2025 12/14/2018 Undergraduate Thesis